00431 a2200145 450000500170000002000220001708200120003924500590005126000470011030000530015770000220021070000150023270000210024770000170026820250709071937.0 a978-1-108-81043-2 a420 DEV aDevelopments in English: Expanding Electronic Evidence aNew YorkbCambridge University Pressc2015 axxiii, 299p.: ill.; figures, tablesbIndexc24cm aIrma Taavitsainen aMerja Kyto aClaudia Claridge aJeremy Smith